PC Telephony (Record no. 11217)

000 -LEADER
fixed length control field 00552 a2200169 4500
020 ## - INTERNATIONAL STANDARD BOOK NUMBER
International Standard Book Number 1578200172
082 ## - DEWEY DECIMAL CLASSIFICATION NUMBER
Classification number 621.382
090 ## - LOCALLY ASSIGNED LC-TYPE CALL NUMBER (OCLC); LOCAL CALL NUMBER (RLIN)
-- 7414
-- 7414
100 ## - MAIN ENTRY--PERSONAL NAME
Personal name Edgar, Bob
245 ## - TITLE STATEMENT
Title PC Telephony
Remainder of title The complete guide to designing building and programming systems using dialogic and related hardware
Statement of responsibility, etc. Edgar, Bob
250 ## - EDITION STATEMENT
Edition statement 4th ed.
260 ## - PUBLICATION, DISTRIBUTION, ETC.
Place of publication, distribution, etc. USA
Name of publisher, distributor, etc. Flatiron Publishing
Date of publication, distribution, etc. 1997
300 ## - PHYSICAL DESCRIPTION
Extent 769 p. ;
Other physical details ill.;
Dimensions 24 cm.
500 ## - GENERAL NOTE
General note Includes index
650 ## - SUBJECT ADDED ENTRY--TOPICAL TERM
Topical term or geographic name entry element 1. Telecommunication. 2. Signal theory (Telecommunication).
942 ## - ADDED ENTRY ELEMENTS (KOHA)
Koha item type Book
Call number prefix 621.382 EDG
Holdings
Withdrawn status Lost status Damaged status Not for loan Permanent Location Current Location Total Checkouts Full call number Barcode Date last seen Price effective from Koha item type
        Central Library (CL) Central Library (CL)   621.382 EDG SEECSD00682 11/14/2012 11/14/2012 Book
© 2023 Central Library, National University of Sciences and Technology. All Rights Reserved.